Szczegóły MARC21

Autor, Werk und Kritik : Inhaltsangaben, Kritiken und Textproben für den Literaturunterricht. Bd. 1 /

003 -Nazwa inst., której nr kontr. jest w polu 001 [,]
    • @
    • Nazwa instytucji, której n kontrolny jest w polu 001
    • NUKAT
005 -DATA I CZAS OSTATNIEJ MODYFIKACJI [,]
    • @
    • pole kontrolne
    • 20241231094222.0
040 -Instytucja sporządzająca opis [ , ]
    • a
    • Instytucja, która sporządziła opis (NP)
    • TOR U/AG
    • c
    • Instytucja, która sporządziła rekord (NP)
    • TOR U/AG
    • d
    • Instytucja, która zmodyfikowała rekord (P)
    • TOR U/dgd
    • d
    • Instytucja, która zmodyfikowała rekord (P)
    • OLSZT 003/baks
942 -Rodzaj dokumentu [ , ]
    • c
    • Rodzaj dokumentu
    • Książka
100 -Hasło główne - nazwa osobowa [1, ]
    • a
    • Nazwa osobowa (NP)
    • Uhlig, Gudrun.
    • 9
    • KHW
    • 69075
245 -Strefa tytułu i oznaczenia odpowiedzialności [1,0]
    • a
    • Tytuł
    • Autor, Werk und Kritik : Find
    • b
    • Ciąg dalszy tytułu (NP)
    • Inhaltsangaben, Kritiken und Textproben für den Literaturunterricht. Find
    • n
    • Oznaczenie części (P)
    • Bd. 1 /
    • c
    • Pozostałe elementy strefy tytułu i oznaczenia odpowiedzialności (NP)
    • Gudrun Uhlig.
260 -Strefa adresu wydawniczego [ , ]
    • a
    • Miejsce wydania (P)
    • München :
    • b
    • Nazwa wydawcy (P)
    • Max Hueber Verlag,
    • c
    • Data wydania (P)
    • 1969.
300 -Strefa opisu fizycznego [ , ]
    • a
    • Określenie formy książki i/lub objętość (NP)
    • 126, [1] s. ;
    • c
    • Format (NP)
    • 21 cm.
336 -Typ zawartości [ , ]
    • a
    • Termin opisujący typ zawartości
    • Tekst
    • b
    • Kod określający zawartość
    • txt
    • 2
    • Źródło (terminu i kodu)
    • rdacontent
337 -Typ mediów [ , ]
    • a
    • Tryb odtwarzania
    • Bez urządzenia pośredniczącego
    • b
    • Kod typu mediów
    • n
    • 2
    • Źródło (terminu i kodu)
    • rdamedia
338 -Typ/rodzaj nośnika [ , ]
    • a
    • Hasło opisujące typ nośnika
    • Wolumin
    • b
    • Kod typu nośnika
    • nc
    • 2
    • Źródło (terminu i kodu)
    • rdacarrier
490 -Strefa serii i książki wielotomowej - forma nie do wyszukiwania [1, ]
    • a
    • Tytuł (P)
    • Sprachen der Welt ; Find
    • v
    • Numeracja (P)
    • Nr. 1105
830 -Hasło dodatkowe serii i opisu książki wielotomowej - tytuł ujednolicony/tytuł [ ,0]
    • a
    • Tytuł ujednolicony/tytuł (NP)
    • Sprachen der Welt - Hueber
    • v
    • Oznaczenie tomu (NP)
    • Nr. 1105
    • 9
    • KHW
    • 69065
504 -Uwaga dot. bibliogr. załącznikowej [ , ]
    • a
    • Uwaga dot. bibliografii załącznikowej
    • Bibliogr. s. 125-[127].
080 -Uniwersalna Klasyfikacja Dziesiętna [ , ]
    • a
    • Symbol klasyfikacji
    • 372.882(07)=30
080 -Uniwersalna Klasyfikacja Dziesiętna [ , ]
    • a
    • Symbol klasyfikacji
    • :830(091)"19"(07)=30
080 -Uniwersalna Klasyfikacja Dziesiętna [ , ]
    • a
    • Symbol klasyfikacji
    • +830-82(07)=30
600 -Hasło przedmiotowe w formie nazwy osobowej [1,7]
    • a
    • Nazwa osobowa
    • Böll, Heinrich
    • d
    • Daty związane z nazwą
    • (1917-1985)
    • x
    • Określnik rzeczowy
    • krytyka i interpretacja.
    • 2
    • Źródło terminu
    • kaba
    • 9
    • KHW
    • 377739
600 -Hasło przedmiotowe w formie nazwy osobowej [1,7]
    • a
    • Nazwa osobowa
    • Grass, Günter
    • d
    • Daty związane z nazwą
    • (1927-2015)
    • x
    • Określnik rzeczowy
    • krytyka i interpretacja.
    • 2
    • Źródło terminu
    • kaba
    • 9
    • KHW
    • 401792
600 -Hasło przedmiotowe w formie nazwy osobowej [1,7]
    • a
    • Nazwa osobowa
    • Johnson, Uwe
    • d
    • Daty związane z nazwą
    • (1934-1984)
    • x
    • Określnik rzeczowy
    • krytyka i interpretacja.
    • 2
    • Źródło terminu
    • kaba
    • 9
    • KHW
    • 483117
980 -Symbol UKD [ , ]
    • a
    • UKD
    • 372.882(07)=30:830(091)"19"(07)=30+830-82(07)=30
710 -Hasło dodatkowe - nazwa ciała zbiorowego [2, ]
    • a
    • Nazwa ciała zbiorowego lub nazwa geograficzna jako pierwszy element (NP)
    • Max Hueber Verlag.
    • 4
    • Kod relacji
    • pbl
    • 9
    • KHW
    • 81840
Sygnatura Data inwentaryzacji Lokalizacja Status udost. Numer inwentarzowy
GERM. Literaturoznawstwo 062000-07-03BM1G.6624